Séries par antonymes - Statistiques

Statistiques générales
  • Ce quiz a été pris 298 fois
  • Le résultat moyen est 9 sur 20
Statistiques - réponses
Titre modifié Original % Correct
La grande villa dans la montagne La petite maison dans la prairie
79%
Moins moche la mort Plus belle la vie
76%
Dimanche Mercredi
73%
Dieu Lucifer
72%
Bad Patient Good Doctor
70%
Cent contre dix Dix pour cent
56%
The Bad Husband The Good Wife
56%
Hopeful Husbands Desperate Housewives
47%
The Running Alive The Walking Dead
46%
Les Eaux de la Haine Les Feux de l'Amour
45%
Appareil photo Thé Caméra Café
43%
Thor Loki
43%
Sad Weeks Happy Days
41%
Bigvillage Smallville
39%
Froidement nôtre Amicalement vôtre
38%
Los Angeles division basique New York unité spéciale
35%
Melchior Balthazar
31%
Old Vampire Teen Wolf
27%
Never Forever
19%
Wanda Sometimes Agatha All Along
7%
Aucun quiz correspondant
Distribution des résultats
% des personnes avec chaque résultat
Percentile par nombre de réponses
Votre historique - résultats
Vous n’avez pas pris ce quiz